000 00651nam a22002177a 4500
003 BUBTL
008 160207b xxu||||| |||| 00| 0 eng d
020 _a978-81-315-1670-6
082 _222
_a621.3845AGI
100 _9329
_aAgrawal, Dharma Prakash/ Zeng, Qing-An
245 _aIntroduction to Wireless & Mobile Systems
250 _a3rd
260 _aAndover
_bCengage Learning
_cc2011
300 _a[xxv],517p.
_bill,tables
_c24cm
650 0 _9330
_aEEE
700 _9331
_aAgrawal, Dharma Prakash/ Zeng, Qing-An
760 _b3rd
856 _k0
_l0
_yDownload
942 _2ddc
_cBK
999 _c5142
_d5142